000
00336nam a22001457a 4500
008
230707b ||||| |||| 00| 0 eng d
020
_a
9781457694301
041
_a
eng
080
_2
SHORT SECOND EDITION
_a
37
082
_a
37KIR
100
_a
22
101
_a
EDU
245
_a
PRACTICAL ARGUMENT
_c
KIRSZNER .G .L
942
_2
udc
_c
BK
999
_c
60131
_d
60131